000 00662nam a22001817a 4500
003 AUA.1
005 20251121105700.0
008 251121b |||||||| |||| 00| 0 eng d
020 _a9780925675651
040 _cJTL
050 _aBT741.3
_b.T54 2025
245 _aTheology of flesh and bones :
_bthe human body in creation, redemption, and eternity /
_cElias Brasil de Souza (editor).
260 _aSilver Spring, MD :
_bBiblical Research Institute;
_c2025.
300 _ax, 176 pages :
_c24 cm.
650 _aHuman body
_vReligious aspects
_xChristianity
700 _ade Souza, Elias Brasil.
_eeditor
942 _2lcc
_cBOOK
_hBT 741.3
_i.T54 2025
999 _c25286
_d25286